French Football Clubs by Crest - Statistics

General Stats
  • This quiz has been taken 145 times
  • The average score is 30 of 36
Answer Stats
Picture Answer % Correct
AS Monaco
98%
FC Nantes
98%
Lille OSC
98%
Olympique Lyonnais
98%
Paris Saint-Germain
98%
AS Saint-Étienne
97%
Olympique Marseille
97%
AJ Auxerre
96%
OGC Nice
96%
FC Lorient
95%
Montpellier HSC
95%
Paris FC
95%
RC Lens
95%
Stade Rennais
95%
Toulouse FC
95%
FC Metz
94%
RC Strasbourg
92%
Angers SCO
91%
Stade de Reims
91%
AC Ajaccio
88%
Stade Brestois
88%
Le Havre
84%
ES Troyes AC
83%
Clermont Foot 63
81%
Red Star FC
80%
SM Caen
78%
En Avant Guingamp
74%
Grenoble Foot 38
74%
SC Bastia
71%
Amiens SC
66%
Rodez AF
58%
USL Dunkerque
55%
Annecy FC
53%
Stade Lavallois
52%
Pau FC
42%
FC Martigues
40%
No matching quizzes found
Score Distribution
Percent of People with Each Score
Percentile by Number Answered
Your Score History
You have not taken this quiz